Datum a čas kvízu

27.5 Celkem bodů Celkový počet nahraných bodů na tomto kvízu bez doplňovacích otázek.
9. Pořadí na kvízu Konečné umístění týmu na tomto kvízu.

Zaznamenané odpovědi

# Otázka Odpověď Body Výsledky
11. Všechno začíná v okamžiku, kdy... Šimon Plánička 1
12. Kdo by neznal Konopníkovou a Š... Marie Pilátová, Helena Růžičková 0.5
13. Režisér Zdeněk Troška v rámci... Šebestián 0
14. Při závěrečné scéně druhého dí... Marseillaisa / La Marseillaise 1
15. Roli homosexuálnío doktora Káj... A 0
6. V následujících otázkách Vám v... Ewa Farna 0
7. Druhou osobností je zvláštní v... Angelina Jolie 1
8. Jeden z nejúspěšnějších Čechů... Pavel Nedvěd 0
9. Rafťáci, Bobule, Alois Nebel,... Tereza Ramba (Voříšková) 1
10. Poslední osobnost pochází z hi... Jan Lucemburský 1